[Event "9th EUROPEAN  INDIVIDUAL  WOME"]
[Site "Plovdiv, Bulgaria"]
[Date "2008.05.02"]
[Round "11"]
[Board "1"]
[White "Turova, Irina"]
[Black "Atalik, Ekaterina"]
[Result "1/2-1/2"]
[WhiteElo "2380"]
[BlackElo "2409"]
[PlyCount "146"]
[EventDate "2008.04.21"]
[EventRounds "11"]
[EventCountry "BUL"]

1.d4 Nf6 2.c4 g6 3.Nc3 Bg7 4.e4 d6 5.Nf3 O-O 6.h3 c5 7.d5 e6 8.Be2 exd5 9.exd5
Bf5 10.g4 Be4 11.O-O Bxf3 12.Bxf3 Ne8 13.Bg2 Nd7 14.f4 f5 15.g5 h6 16.h4 hxg5
17.hxg5 Bd4+ 18.Kh2 Kf7 19.Nb5 Rh8+ 20.Kg3 Bg7 21.Qe2 Nf8 22.Re1 Nc7 23.Nxc7
Qxc7 24.Rb1 a5 25.a4 Bd4 26.Bd2 Rh7 27.b3 b6 28.Rbc1 Kg8 29.Rh1 Re7 30.Qd3 Rae8
31.Rce1 Rxe1 32.Rxe1 Rxe1 33.Bxe1 Qe7 34.Bd2 Bh8 35.Bc3 Bxc3 36.Qxc3 Qe2 37.Bf3
Qf1 38.Qe3 Kf7 39.Bg2 Qa1 40.Kf3 Qd4 41.Ke2 Qb2+ 42.Kf3 Kg8 43.Kg3 Qg7 44.Kf3
Qf7 45.Kg3 Nd7 46.Bf3 Nb8 47.Be2 Na6 48.Bf3 Kf8 49.Qe2 Nb4 50.Kg2 Na6 51.Kg3 Nc7
52.Qe3 Qg7 53.Kg2 Qb2+ 54.Kg3 Qd4 55.Qe1 Qg7 56.Qe3 Qa1 57.Bg2 Qd4 58.Kf3 Qd1+
59.Kg3 Qg4+ 60.Kf2 Qh4+ 61.Qg3 Qh8 62.Qe3 Qb2+ 63.Kg3 Ne8 64.Bf3 Ng7 65.Be2 Qa1
66.Bf3 Qf1 67.Kh2 Kf7 68.Kg3 Qa1 69.Kf2 Qb2+ 70.Kg3 Qc2 71.Kh3 Qb1 72.Kg3 Qa1
73.Kf2 Qb2+

[Event "9th EUROPEAN  INDIVIDUAL  WOME"]
[Site "Plovdiv, Bulgaria"]
[Date "2008.05.02"]
[Round "11"]
[Board "1"]
[White "Repkova, Eva"]
[Black "Romanko, Marina"]
[Result "1/2-1/2"]
[WhiteElo "2381"]
[BlackElo "2325"]
[PlyCount "75"]
[EventDate "2008.04.21"]
[EventRounds "11"]
[EventCountry "BUL"]

1.e4 c5 2.Nf3 d6 3.d4 cxd4 4.Nxd4 Nf6 5.Nc3 a6 6.g3 e5 7.Nde2 b5 8.Bg2 Bb7 9.O-O
Be7 10.h3 O-O 11.a3 Nbd7 12.g4 Nb6 13.g5 Ne8 14.h4 Nc7 15.Ng3 a5 16.Nf5 b4
17.axb4 axb4 18.Rxa8 Bxa8 19.Nd5 Ncxd5 20.exd5 Re8 21.Be4 Bf8 22.Qf3 Qd7 23.h5
Bxd5 24.Bxd5 Nxd5 25.Rd1 Nf4 26.Qg4 Qc8 27.Bxf4 exf4 28.g6 fxg6 29.hxg6 h6
30.Qxf4 Qe6 31.Qg4 Qf6 32.Kf1 Re5 33.Qc4+ Qe6 34.Qxe6+ Rxe6 35.Rd4 d5 36.Ne3
Rxg6 37.Nxd5 Rc6 38.Nxb4

[Event "9th EUROPEAN  INDIVIDUAL  WOME"]
[Site "Plovdiv, Bulgaria"]
[Date "2008.05.02"]
[Round "11"]
[Board "1"]
[White "Zimina, Olga"]
[Black "Javakhishvili, Lela"]
[Result "1/2-1/2"]
[WhiteElo "2363"]
[BlackElo "2466"]
[PlyCount "232"]
[EventDate "2008.04.21"]
[EventRounds "11"]
[EventCountry "BUL"]

1.e4 c5 2.Nf3 e6 3.c3 Nf6 4.e5 Nd5 5.d4 cxd4 6.cxd4 d6 7.a3 Bd7 8.Bd3 Bc6 9.O-O
Be7 10.Re1 Nd7 11.b4 a6 12.Nbd2 dxe5 13.dxe5 Nc3 14.Qc2 Rc8 15.Qxc3 Bxf3 16.Qd4
Bc6 17.Ne4 Nxe5 18.Qxe5 Qxd3 19.Qxg7 Rf8 20.Qxh7 Qd4 21.Bh6 Rh8 22.Qg7 Qxg7
23.Bxg7 Rg8 24.Be5 f6 25.Bb2 Kf7 26.Rad1 Rcd8 27.f3 f5 28.Ng3 Bd6 29.Bd4 Ba4
30.Rd3 Bxg3 31.hxg3 Rd7 32.g4 Rgd8 33.Rde3 Rxd4 34.gxf5 exf5 35.Re7+ Kf8 36.Rxb7
Rd1 37.Rxd1 Rxd1+ 38.Kf2 Bb5 39.Rb6 Ke7 40.a4 Bf1 41.Kg3 Ra1 42.a5 Ra2 43.Kf4
Rxg2 44.Kxf5 Bb5 45.f4 Rb2 46.Ke5 Rxb4 47.f5 Ra4 48.f6+ Kf7 49.Rb7+ Kg6 50.Rg7+
Kh6 51.Rg3 Bc4 52.Kd4 Bf7+ 53.Kc5 Rxa5+ 54.Kb6 Ra1 55.Rg7 Bc4 56.Rg4 Be6 57.Re4
Bf7 58.Re5 Bc4 59.Re4 Rb1+ 60.Ka7 Bd5 61.Rf4 Kg6 62.Kxa6 Rb8 63.Ka5 Be6 64.Rf2
Bf5 65.f7 Rf8 66.Kb4 Rxf7 67.Kc5 Kf6 68.Re2 Rc7+ 69.Kd4 Ra7 70.Re1 Ra4+ 71.Kd5
Ra2 72.Kd4 Rd2+ 73.Kc3 Rd8 74.Kc4 Kg5 75.Kc5 Kf4 76.Re7 Be4 77.Rg7 Ke5 78.Re7+
Kf5 79.Rg7 Bd5 80.Rg1 Bf3 81.Rg7 Kf6 82.Rg1 Be4 83.Rg3 Ke5 84.Rg5+ Bf5 85.Rg1
Rc8+ 86.Kb4 Kd4 87.Kb5 Rb8+ 88.Kc6 Be4+ 89.Kd6 Rb6+ 90.Kc7 Rc6+ 91.Kd7 Ra6
92.Rg5 Bd5 93.Rg1 Kc5 94.Rc1+ Bc4 95.Ke7 Re6+ 96.Kd7 Rf6 97.Re1 Rf7+ 98.Re7 Rf1
99.Re3 Kd5 100.Kc7 Rf7+ 101.Kb6 Kd6 102.Rg3 Be6 103.Rg1 Rf8 104.Rg7 Bf7 105.Rh7
Bd5 106.Rh6+ Be6 107.Rh7 Rf1 108.Rh5 Rg1 109.Rb5 Bd5 110.Rb2 Rg8 111.Rd2 Rb8+
112.Ka7 Rb1 113.Rc2 Bc6 114.Ka6 Kc7 115.Ka5 Rb5+ 116.Ka6 Rb4

[Event "9th EUROPEAN  INDIVIDUAL  WOME"]
[Site "Plovdiv, Bulgaria"]
[Date "2008.05.02"]
[Round "11"]
[Board "1"]
[White "Foisor, Cristina Adela"]
[Black "Hoang, Thanh Trang"]
[Result "0-1"]
[WhiteElo "2364"]
[BlackElo "2477"]
[PlyCount "62"]
[EventDate "2008.04.21"]
[EventRounds "11"]
[EventCountry "BUL"]

1.g3 e5 2.c4 Nc6 3.Bg2 g6 4.Nc3 Bg7 5.d3 Nge7 6.e4 d6 7.Nge2 O-O 8.O-O Be6 9.Nd5
f5 10.Be3 Qd7 11.Rc1 Rae8 12.Qd2 Nd4 13.Nxe7+ Rxe7 14.Nxd4 exd4 15.Bg5 Ref7
16.exf5 Bxf5 17.Rce1 c6 18.f4 h6 19.Bh4 Kh7 20.Rf2 Bg4 21.Rff1 Rg8 22.Rf2 Bf8
23.Bf1 Rgg7 24.h3 Bxh3 25.Rh2 Bxf1 26.Rxf1 Kg8 27.g4 Qxg4+ 28.Qg2 Rxf4 29.Rxf4
Qxf4 30.Qe2 Rf7 31.Bd8 Bg7

[Event "9th EUROPEAN  INDIVIDUAL  WOME"]
[Site "Plovdiv, Bulgaria"]
[Date "2008.05.02"]
[Round "11"]
[Board "1"]
[White "Voiska, Margarita"]
[Black "Paehtz, Elisabeth"]
[Result "0-1"]
[WhiteElo "2339"]
[BlackElo "2449"]
[PlyCount "115"]
[EventDate "2008.04.21"]
[EventRounds "11"]
[EventCountry "BUL"]

1.Nf3 Nf6 2.g3 g6 3.Bg2 Bg7 4.d4 O-O 5.O-O d6 6.a4 a5 7.Nbd2 Nc6 8.Nc4 e6 9.c3
Ne4 10.Nfd2 Nxd2 11.Bxd2 d5 12.Ne3 b6 13.Re1 Bb7 14.Qb3 Qd7 15.f4 h5 16.Nd1 Ne7
17.Nf2 Ba6 18.e4 dxe4 19.Bxe4 Rad8 20.Rad1 Nf5 21.Bc1 Nd6 22.Bg2 Bc4 23.Qc2 Nf5
24.b3 Bd5 25.Bf1 Bb7 26.Bb2 Rc8 27.Nd3 Qc6 28.Qg2 Qd5 29.Qxd5 Bxd5 30.Nc1 Rfd8
31.Rd2 Bb7 32.Ree2 Bf6 33.Bg2 Ba6 34.Rf2 g5 35.Be4 Nd6 36.Bd3 Bb7 37.fxg5 Bxg5
38.Rde2 c5 39.dxc5 Rxc5 40.c4 Nf5 41.Bxf5 Rxf5 42.Rxf5 exf5 {Diagram #} 43.Nd3
Bf3 44.Re1 Bd2 45.Re7 Be4 46.Ne5 Be3+ 47.Kf1 Rd2 48.Bc1 Rf2+ 49.Ke1 Bc5 50.Nd7
Rc2 51.Re8+ Kg7 52.Kd1 Bd4 53.Bf4 Rxh2 54.Be5+ Bxe5 55.Rxe5 Rg2 56.Nxb6 Rxg3
57.Nd5 h4 58.Nf4

[Event "9th EUROPEAN  INDIVIDUAL  WOME"]
[Site "Plovdiv, Bulgaria"]
[Date "2008.05.02"]
[Round "11"]
[Board "1"]
[White "Kadimova, Ilaha"]
[Black "Melia, Salome"]
[Result "1/2-1/2"]
[WhiteElo "2308"]
[BlackElo "2413"]
[PlyCount "64"]
[EventDate "2008.04.21"]
[EventRounds "11"]
[EventCountry "BUL"]

1.d4 d5 2.c4 e6 3.Nc3 Be7 4.Nf3 Nf6 5.Bg5 h6 6.Bh4 O-O 7.e3 Ne4 8.Bxe7 Qxe7
9.Rc1 c6 10.Bd3 Nxc3 11.Rxc3 dxc4 12.Bxc4 Nd7 13.O-O e5 14.Bb3 Rd8 15.Qc2 exd4
16.exd4 Nf8 17.d5 cxd5 18.Bxd5 Rxd5 19.Rxc8 Rxc8 20.Qxc8 Rd8 21.Qc2 Qe6 22.Qb1
Qb6 23.Re1 Ne6 24.g3 Qa5 25.Kg2 b6 26.Re5 Rd5 27.b4 Qb5 28.Qe4 Rxe5 29.Nxe5 Ng5
30.Qd4 Ne6 31.Qe4 Ng5 32.Qd4 Ne6

[Event "9th EUROPEAN  INDIVIDUAL  WOME"]
[Site "Plovdiv, Bulgaria"]
[Date "2008.05.02"]
[Round "11"]
[Board "1"]
[White "Kachiani Gersinska, Ketino"]
[Black "Nikoladze, Sopio"]
[Result "1/2-1/2"]
[WhiteElo "2388"]
[BlackElo "2249"]
[PlyCount "30"]
[EventDate "2008.04.21"]
[EventRounds "11"]
[EventCountry "BUL"]

1.d4 Nf6 2.c4 e6 3.g3 Bb4+ 4.Bd2 Bxd2+ 5.Qxd2 d5 6.Nf3 O-O 7.Bg2 c6 8.Qc2 Nbd7
9.Nbd2 Qe7 10.O-O Rd8 11.e4 dxe4 12.Nxe4 e5 13.Nxf6+ Qxf6 14.Rad1 exd4 15.Rxd4
Nf8

[Event "9th EUROPEAN  INDIVIDUAL  WOME"]
[Site "Plovdiv, Bulgaria"]
[Date "2008.05.02"]
[Round "11"]
[Board "1"]
[White "Nemcova, Katerina"]
[Black "Cosma, Elena Luminita"]
[Result "0-1"]
[WhiteElo "2344"]
[BlackElo "2374"]
[PlyCount "88"]
[EventDate "2008.04.21"]
[EventRounds "11"]
[EventCountry "BUL"]

1.e4 c5 2.Nf3 Nc6 3.d4 cxd4 4.Nxd4 Qc7 5.Nc3 e6 6.Be3 a6 7.Be2 Nf6 8.a3 b5
9.Nxc6 dxc6 10.f4 Bb7 11.O-O c5 12.e5 Ne4 13.Nxe4 Bxe4 14.c4 bxc4 15.Bxc4 Be7
16.Qe2 Qb7 17.Rfd1 h5 18.Rac1 O-O 19.Rd2 g6 20.Rcd1 Bc6 21.Qf2 Rfc8 22.Qg3 Be4
23.Qf2 Qc6 24.Qe2 Kg7 25.Rd7 Rc7 26.Rxc7 Qxc7 27.Bxa6 Bxg2 28.Kxg2 Qc6+ 29.Qf3
Qxa6 30.Rd7 Ra7 31.Rxa7 Qxa7 32.Qc6 Qb8 33.b4 cxb4 34.axb4 Qxb4 35.Qf3 Qc4
36.Kg3 Qc2 37.Bf2 Qd2 38.Be3 Qd3 39.h4 Qd8 40.Kh3 Bxh4 41.Bg1 Be1 42.Kg2 Bd2
43.Kh3 Qd5 44.Qf2 Qd3+

[Event "9th EUROPEAN  INDIVIDUAL  WOME"]
[Site "Plovdiv, Bulgaria"]
[Date "2008.05.02"]
[Round "11"]
[Board "1"]
[White "Matveeva, Svetlana"]
[Black "Mamedjarova, Zeinab"]
[Result "1-0"]
[WhiteElo "2420"]
[BlackElo "2322"]
[PlyCount "53"]
[EventDate "2008.04.21"]
[EventRounds "11"]
[EventCountry "BUL"]

1.d4 f5 2.g3 g6 3.Bg2 Nf6 4.b3 Bg7 5.Bb2 O-O 6.Nf3 d6 7.O-O Qe8 8.c4 e5 9.dxe5
Ng4 10.Nc3 Nxe5 11.Qd2 Na6 12.Nd4 h6 13.f4 Ng4 14.e4 fxe4 15.Bxe4 c6 16.Rae1 Qf7
{Diagram #} 17.f5 gxf5 18.Nxf5 Bxf5 19.Bxf5 Qh5 20.Be6+ Kh8 21.Ne4 Ne5 22.Nxd6
Nf3+ 23.Rxf3 Rxf3 24.Bxg7+ Kxg7 25.Qd4+ Rf6 26.Ne4 Raf8 27.Rf1

[Event "9th EUROPEAN  INDIVIDUAL  WOME"]
[Site "Plovdiv, Bulgaria"]
[Date "2008.05.02"]
[Round "11"]
[Board "1"]
[White "Batsiashvili, Nino"]
[Black "Bojkovic, Natasa"]
[Result "0-1"]
[WhiteElo "2304"]
[BlackElo "2434"]
[PlyCount "84"]
[EventDate "2008.04.21"]
[EventRounds "11"]
[EventCountry "BUL"]

1.d4 Nf6 2.c4 e6 3.Nf3 b6 4.Nc3 Bb7 5.Bg5 h6 6.Bh4 Be7 7.e3 O-O 8.Bd3 c5 9.O-O
cxd4 10.exd4 Nc6 11.Qe2 d5 12.cxd5 Nxd5 13.Qe4 g6 14.Bxe7 Ncxe7 15.Qe5 Nxc3
16.bxc3 Rc8 17.Rac1 Bxf3 18.gxf3 Qc7 19.Qe4 Qd6 20.Rc2 Rfd8 21.Rd1 Nd5 22.Rdc1
Kg7 23.Kh1 Rc7 24.Bf1 Nf6 25.Qe3 Nd5 26.Qe4 Nf6 27.Qe3 Qd5 28.Rb2 Qg5 29.Rb5 Nd5
30.Qxg5 hxg5 31.c4 Nf4 32.Rxg5 Rxd4 33.a4 f5 34.a5 Kf6 35.axb6 axb6 36.Rg3 b5
37.c5 b4 38.Rg1 b3 39.Ba6 Ra4 40.Ra1 Rxa1 41.Rxa1 Rxc5 42.Rb1 b2

[Event "9th EUROPEAN  INDIVIDUAL  WOME"]
[Site "Plovdiv, Bulgaria"]
[Date "2008.05.02"]
[Round "11"]
[Board "1"]
[White "Zawadzka, Jolanta"]
[Black "Rudolf, Anna"]
[Result "1/2-1/2"]
[WhiteElo "2397"]
[BlackElo "2302"]
[PlyCount "99"]
[EventDate "2008.04.21"]
[EventRounds "11"]
[EventCountry "BUL"]

1.e4 e6 2.d4 d5 3.Nc3 Nf6 4.e5 Nfd7 5.f4 c5 6.Nf3 Nc6 7.Be3 Be7 8.Qd2 O-O 9.dxc5
Bxc5 10.O-O-O Qa5 11.Bxc5 Nxc5 12.h4 Rd8 13.Nd4 Bd7 14.Rh3 Rac8 15.Rg3 Qb4 16.h5
Nxd4 17.Qxd4 Qxd4 18.Rxd4 h6 19.Re3 Rf8 20.g3 f5 21.exf6 gxf6 22.f5 e5 23.Rxd5
Bxf5 24.Nb5 Be6 25.Rd2 Bxa2 26.Nxa7 Ra8 27.Ra3 Be6 28.Bg2 Rad8 29.Nb5 Rxd2
30.Kxd2 f5 31.Ke3 Bd7 32.Nd6 f4+ 33.gxf4 exf4+ 34.Kf2 b6 35.b4 Na4 36.Bd5+ Kg7
37.c4 Rf6 38.Ne4 Rf5 39.Ra1 b5 40.Rg1+ Kf8 41.Rg8+ Ke7 42.Rg7+ Kd8 43.Rh7 Nb6
44.Rxh6 bxc4 45.Be6 Re5 46.Bxd7 Nxd7 47.Kf3 c3 48.Rc6 Rxh5 49.Kxf4 Rb5 50.Rxc3

[Event "9th EUROPEAN  INDIVIDUAL  WOME"]
[Site "Plovdiv, Bulgaria"]
[Date "2008.05.02"]
[Round "11"]
[Board "1"]
[White "Aginian, Nelly"]
[Black "Ciuksyte, Dagne"]
[Result "1/2-1/2"]
[WhiteElo "2295"]
[BlackElo "2380"]
[PlyCount "40"]
[EventDate "2008.04.21"]
[EventRounds "11"]
[EventCountry "BUL"]

1.e4 c5 2.Nf3 e6 3.d4 cxd4 4.Nxd4 a6 5.Bd3 Bc5 6.Nb3 Be7 7.Qg4 g6 8.Qe2 Nc6
9.O-O d6 10.a4 b6 11.Na3 Ne5 12.Be3 Nf6 13.f3 O-O 14.Nc4 Nfd7 15.Rfd1 Bb7
16.Nxe5 Nxe5 17.Qf2 Nd7 18.Nd2 d5 19.exd5 Bxd5 20.Be4 Bxe4

[Event "9th EUROPEAN  INDIVIDUAL  WOME"]
[Site "Plovdiv, Bulgaria"]
[Date "2008.05.02"]
[Round "11"]
[Board "1"]
[White "Kovanova, Baira"]
[Black "Andriasian, Siranush"]
[Result "1/2-1/2"]
[WhiteElo "2372"]
[BlackElo "2278"]
[PlyCount "31"]
[EventDate "2008.04.21"]
[EventRounds "11"]
[EventCountry "BUL"]

1.e4 e5 2.Nf3 Nc6 3.Nc3 Nf6 4.d4 exd4 5.Nxd4 Bb4 6.Nxc6 bxc6 7.Bd3 d6 8.O-O h6
9.Bd2 O-O 10.a3 Bc5 11.Na4 Bd4 12.c3 Bb6 13.Nxb6 axb6 14.Re1 Re8 15.f4 Bb7
16.Qc2

[Event "9th EUROPEAN  INDIVIDUAL  WOME"]
[Site "Plovdiv, Bulgaria"]
[Date "2008.05.02"]
[Round "11"]
[Board "1"]
[White "Vasilevich, Tatjana"]
[Black "Djingarova, Emilia"]
[Result "1-0"]
[WhiteElo "2360"]
[BlackElo "2301"]
[PlyCount "95"]
[EventDate "2008.04.21"]
[EventRounds "11"]
[EventCountry "BUL"]

1.d4 d5 2.Nf3 Nf6 3.e3 e6 4.Bd3 Be7 5.O-O O-O 6.b3 b6 7.Qe2 Bb7 8.Bb2 c5 9.Nbd2
Ne4 10.Rac1 Nd7 11.c4 cxd4 12.exd4 Ndf6 13.Rfd1 Nxd2 14.Nxd2 Rc8 15.Nf1 Qd6
16.c5 Qf4 17.b4 Ne4 18.Rc2 bxc5 19.dxc5 Nf6 20.a3 Qg4 21.f3 Qh4 22.Rdc1 Nh5
23.g3 Qg5 24.h4 Nxg3 25.hxg5 Nxe2+ 26.Rxe2 Bxg5 27.Rcc2 d4 28.Kg2 Rfd8 29.Nd2
Bf4 30.b5 Bd5 31.Bxd4 Ba8 32.Be3 Rxd3 33.Bxf4 Bd5 34.Re3 Rd4 35.Be5 Rg4+ 36.Kf2
Rh4 37.Ne4 f6 38.Bg3 Rh1 39.c6 Bxe4 40.Rxe4 e5 41.f4 exf4 42.Bxf4 g5 43.Bd2 Kf7
44.Rd4 Ke6 45.Kg2 Rb1 46.Bb4 h5 47.Rd6+ Kf7 48.Rf2

[Event "9th EUROPEAN  INDIVIDUAL  WOME"]
[Site "Plovdiv, Bulgaria"]
[Date "2008.05.02"]
[Round "11"]
[Board "1"]
[White "Sedina, Elena"]
[Black "Velcheva, Maria"]
[Result "1/2-1/2"]
[WhiteElo "2356"]
[BlackElo "2262"]
[PlyCount "65"]
[EventDate "2008.04.21"]
[EventRounds "11"]
[EventCountry "BUL"]

1.e4 c5 2.f4 d5 3.exd5 Qxd5 4.Nc3 Qd8 5.Nf3 Nf6 6.Bb5+ Bd7 7.Qe2 Nc6 8.Bxc6 Bxc6
9.O-O g6 10.d3 Bg7 11.Be3 Nd5 12.Bd2 O-O 13.Ne5 Qc7 14.Nxd5 Bxd5 15.c4 Be6
16.Bc3 Qd6 17.Rad1 Rad8 18.Kh1 Qb6 19.Qe3 Qc7 20.h3 b6 21.Nf3 Bc8 22.Bxg7 Kxg7
23.d4 cxd4 24.Rxd4 Bb7 25.Rfd1 Kg8 26.Ne5 f6 27.Nf3 Bxf3 28.Qxf3 Rxd4 29.Rxd4
Rd8 30.Qd3 Rxd4 31.Qxd4 Kg7 32.b4 h5 33.c5

[Event "9th EUROPEAN  INDIVIDUAL  WOME"]
[Site "Plovdiv, Bulgaria"]
[Date "2008.05.02"]
[Round "11"]
[Board "1"]
[White "Bensdorp, Marlies"]
[Black "Milliet, Sophie"]
[Result "1/2-1/2"]
[WhiteElo "2268"]
[BlackElo "2354"]
[PlyCount "37"]
[EventDate "2008.04.21"]
[EventRounds "11"]
[EventCountry "BUL"]

1.d4 Nf6 2.c4 c5 3.d5 b5 4.cxb5 a6 5.bxa6 g6 6.Nc3 Bxa6 7.g3 d6 8.Bg2 Bg7 9.Nf3
Nbd7 10.Rb1 Qa5 11.Bd2 O-O 12.O-O Ng4 13.Qc2 Nge5 14.Nxe5 Nxe5 15.b3 Qa3 16.Bc1
Qa5 17.Bd2 Qa3 18.Bc1 Qa5 19.Bd2

[Event "9th EUROPEAN  INDIVIDUAL  WOME"]
[Site "Plovdiv, Bulgaria"]
[Date "2008.05.02"]
[Round "11"]
[Board "1"]
[White "Gvetadze, Sopio"]
[Black "Schneider, Veronika"]
[Result "1/2-1/2"]
[WhiteElo "2350"]
[BlackElo "2261"]
[PlyCount "89"]
[EventDate "2008.04.21"]
[EventRounds "11"]
[EventCountry "BUL"]

1.e4 c5 2.Nf3 e6 3.c3 Nf6 4.e5 Nd5 5.d4 cxd4 6.cxd4 d6 7.Bc4 Nb6 8.Bd3 Nc6 9.Bg5
Qc7 10.exd6 Bxd6 11.Nc3 h6 12.Be3 Nb4 13.Be2 N4d5 14.Qb3 Nxc3 15.bxc3 Bd7 16.c4
Ba4 17.Qd3 Bb4+ 18.Kf1 Rd8 19.Ne5 Qe7 20.h4 Nd7 21.Nxd7 Rxd7 22.g4 Bc6 23.Rh3 a6
24.a4 Qf6 25.Rb1 Be7 26.a5 g5 27.d5 exd5 28.Re1 dxc4 29.Qxc4 Bd5 30.Qc8+ Rd8
31.Qc2 gxh4 32.Bb6 O-O 33.Bxd8 Rxd8 34.Qb1 Qc6 35.Kg1 Bg5 36.Bf1 Qa4 37.Qf5 Be6
38.Rxe6 fxe6 39.Qxe6+ Kg7 40.Rf3 Qe8 41.Qb6 Qe4 42.Qb3 Rf8 43.Rxf8 Qxg4+ 44.Bg2
Kxf8 45.Qf3+

[Event "9th EUROPEAN  INDIVIDUAL  WOME"]
[Site "Plovdiv, Bulgaria"]
[Date "2008.05.02"]
[Round "11"]
[Board "1"]
[White "Tsiganova, Monika"]
[Black "Jackova, Jana"]
[Result "1/2-1/2"]
[WhiteElo "2198"]
[BlackElo "2345"]
[PlyCount "88"]
[EventDate "2008.04.21"]
[EventRounds "11"]
[EventCountry "BUL"]

1.d4 Nf6 2.Nf3 e6 3.e3 b6 4.Bd3 Bb7 5.O-O d6 6.c4 Nbd7 7.Nc3 g6 8.h3 Bg7 9.e4
O-O 10.Bg5 h6 11.Be3 Kh7 12.Qd2 Ng8 13.d5 e5 14.g4 Ne7 15.Ne2 a5 16.Ng3 Nc5
17.Bc2 Qd7 18.Rac1 Ng8 19.Kg2 c6 20.b3 cxd5 21.cxd5 Rfc8 22.Bd1 Nf6 23.Bc2 Qb5
24.g5 hxg5 25.Nxg5+ Kg8 26.f4 exf4 27.Bxf4 Re8 28.Bxd6 Ncxe4 29.N5xe4 Bxd5
30.Rxf6 Bxf6 31.Kh2 Bg7 32.Bd3 Qd7 33.Rc7 Qe6 34.Bb5 Bxe4 35.Bc4 Qf6 36.Rxf7
Qxf7 37.Bxf7+ Kxf7 38.Qf4+ Bf5 39.Nxf5 gxf5 40.Qxf5+ Kg8 41.Qd5+ Kh8 42.Qh5+ Kg8
43.Qd5+ Kh8 44.Qh5+ Kg8

[Event "9th EUROPEAN  INDIVIDUAL  WOME"]
[Site "Plovdiv, Bulgaria"]
[Date "2008.05.02"]
[Round "11"]
[Board "1"]
[White "Benderac, Ana"]
[Black "Rogule, Laura"]
[Result "1/2-1/2"]
[WhiteElo "2334"]
[BlackElo "2255"]
[PlyCount "150"]
[EventDate "2008.04.21"]
[EventRounds "11"]
[EventCountry "BUL"]

1.d4 d5 2.Nf3 Nf6 3.e3 c6 4.c4 e6 5.Nc3 Nbd7 6.b3 Bb4 7.Bd2 Qe7 8.Be2 O-O 9.O-O
Bd6 10.Qc2 dxc4 11.Bxc4 e5 12.Ne4 Nxe4 13.Qxe4 Nf6 14.Qc2 e4 15.Ne5 Bxe5 16.dxe5
Qxe5 17.Bc3 Qe7 18.Bxf6 gxf6 19.Rad1 Bf5 20.f3 Rad8 21.g4 Bg6 22.f4 f5 23.Qg2
fxg4 24.Rxd8 Rxd8 25.f5 Bh5 26.f6 Qe5 27.Rf4 Bg6 28.Qxg4 Qc3 29.Qh3 h5 30.Qg3
Kf8 31.Rf1 b5 32.Be2 Qc5 33.Qf4 Kg8 34.Kh1 Rd5 35.Qh6 Qf8 36.Qxf8+ Kxf8 37.Rc1
Rd6 {Diagram #} 38.Bxb5 Rxf6 39.Rxc6 Rf3 40.Rc3 Rf2 41.a4 h4 42.Kg1 Rb2 43.Bd7
Ke7 44.Bb5 Bh5 45.a5 Bf3 46.Bf1 Kd6 47.a6 f5 48.Bh3 Rb1+ 49.Kf2 Rh1 50.Bxf5
Rxh2+ 51.Kg1 Rh1+ 52.Kf2 h3 53.Kg3 Bg2 54.Rc8 Ke5 55.Bg4 Bf1 56.Rh8 Bxa6 57.Rh5+
Kf6 58.Rh6+ Kg5 59.Rxa6 Re1 60.Ra5+ Kg6 61.Rb5 Rxe3+ 62.Kh2 a6 63.Rb6+ Kg5
64.Bxh3 Kf4 65.Bf1 a5 66.Bc4 Rc3 67.Rf6+ Ke3 68.Ra6 Rc2+ 69.Kg3 Ra2 70.Bb5 Ra1
71.Kg4 Kd4 72.Kf4 e3 73.Bc4 a4 74.Be2 a3 75.Ra4+?? [75.b4] 75...Kc3

[Event "9th EUROPEAN  INDIVIDUAL  WOME"]
[Site "Plovdiv, Bulgaria"]
[Date "2008.05.02"]
[Round "11"]
[Board "1"]
[White "Sharevich, Anna"]
[Black "Ohme, Melanie"]
[Result "1-0"]
[WhiteElo "2311"]
[BlackElo "2248"]
[PlyCount "83"]
[EventDate "2008.04.21"]
[EventRounds "11"]
[EventCountry "BUL"]

1.d4 Nf6 2.c4 g6 3.Nc3 Bg7 4.e4 d6 5.Be2 O-O 6.Bg5 c6 7.Qd2 e5 8.d5 c5 9.h4 h5
10.f3 a6 11.g4 Qc7 12.Nh3 hxg4 13.fxg4 Nxg4 14.Rg1 Nf6 15.Nf2 Nh7 16.h5 Nxg5
17.Qxg5 Qd8 18.Qxd8 Rxd8 19.hxg6 Nd7 20.gxf7+ Kxf7 21.Bh5+ Kf8 22.Ng4 Nf6
23.Nxf6 Bxf6 24.Ke2 Ke7 25.Raf1 Rf8 26.Rg6 b5 27.Rh6 Bg7 28.Rxf8 Bxf8 29.Rh7+
Kd8 30.Nd1 Bd7 31.Kf3 Rb8 32.Ne3 bxc4 33.Nxc4 Bb5 34.Na5 Be7 35.Bg4 c4 36.Nc6+
Bxc6 37.dxc6 Kc7 38.Rxe7+ Kxc6 39.Be6 Rb4 40.Bd5+ Kc5 41.Ke3 Rxb2 42.Rc7+

[Event "9th EUROPEAN  INDIVIDUAL  WOME"]
[Site "Plovdiv, Bulgaria"]
[Date "2008.05.02"]
[Round "11"]
[Board "1"]
[White "Vojinovic, Jovana"]
[Black "Peptan, Corina Isabela"]
[Result "0-1"]
[WhiteElo "2217"]
[BlackElo "2415"]
[PlyCount "76"]
[EventDate "2008.04.21"]
[EventRounds "11"]
[EventCountry "BUL"]

1.d4 Nf6 2.c4 e6 3.Nf3 b6 4.g3 Ba6 5.Nbd2 Bb7 6.Bg2 c5 7.O-O cxd4 8.Nb3 Be7
9.Qxd4 Nc6 10.Qd1 Rc8 11.Nfd4 a6 12.Bg5 O-O 13.Rc1 d6 14.Re1 Qd7 15.e4 h6
16.Nxc6 Bxc6 17.Bf4 e5 18.Bd2 Qb7 19.Qe2 a5 20.Na1 Nh7 21.Bh3 Rce8 22.Rcd1 Bg5
23.Bc3 Rd8 24.Nc2 g6 25.Rf1 Bxe4 26.f4 exf4 27.gxf4 Bf6 28.Nd4 Bg7 29.Rfe1 Nf6
30.Rd2 d5 31.Nb5 Qc6 32.Be5 dxc4 33.Nd4 Qc5 34.Qf2 Bb7 35.Re3 Ne4 36.Rxe4 Bxe4
37.Bxg7 Kxg7 38.f5 Bd3

[Event "9th EUROPEAN  INDIVIDUAL  WOME"]
[Site "Plovdiv, Bulgaria"]
[Date "2008.05.02"]
[Round "11"]
[Board "1"]
[White "Vajda, Szidonia"]
[Black "Mamedjarova, Turkan"]
[Result "1/2-1/2"]
[WhiteElo "2413"]
[BlackElo "2271"]
[PlyCount "21"]
[EventDate "2008.04.21"]
[EventRounds "11"]
[EventCountry "BUL"]

1.e4 e5 2.Nf3 Nf6 3.Nc3 Bb4 4.Nxe5 Bxc3 5.dxc3 Qe7 6.Nf3 Qxe4+ 7.Qe2 Qxe2+
8.Bxe2 O-O 9.O-O d6 10.Re1 Nc6 11.Bg5

[Event "9th EUROPEAN  INDIVIDUAL  WOME"]
[Site "Plovdiv, Bulgaria"]
[Date "2008.05.02"]
[Round "11"]
[Board "1"]
[White "Vasilevich, Irina"]
[Black "Ionica, Iulia Ionela"]
[Result "1/2-1/2"]
[WhiteElo "2395"]
[BlackElo "2278"]
[PlyCount "116"]
[EventDate "2008.04.21"]
[EventRounds "11"]
[EventCountry "BUL"]

1.e4 c5 2.Nf3 e6 3.d4 cxd4 4.Nxd4 Nf6 5.Nc3 d6 6.g4 h6 7.h3 Nc6 8.Bg2 a6 9.Be3
Ne5 10.Qe2 Qc7 11.Rd1 g5 12.f4 gxf4 13.Bxf4 Be7 14.Nf3 Bd7 15.Nxe5 dxe5 16.Be3
O-O-O 17.Qf2 Rdg8 18.Rd3 Kb8 19.Kd1 Bc6 20.Kc1 b5 21.Rhd1 Rc8 22.Bb6 Qb7 23.Nd5
exd5 24.exd5 e4 25.dxc6 Rxc6 26.Bd8 exd3 27.Bxc6 Qxc6 28.Bxe7 Qxc2+ 29.Qxc2 dxc2
30.Rd4 Ne8 31.Rd8+ Kc7 32.Kxc2 Rg8 33.Bh4 f6 34.Rd5 Kc6 35.Rh5 Rg6 36.b4 Ng7
37.Rc5+ Kb7 38.Kd3 Ne6 39.Rf5 Ng5 40.Bxg5 fxg5 41.Ke4 Rc6 42.Rf7+ Kc8 43.Ra7 Kb8
44.Kd5 Rf6 45.Rh7 Kc8 46.Kc5 Re6 47.Ra7 Rf6 48.Kd5 Kb8 49.Re7 Rf3 50.Re6 Rxh3
51.Rxa6 Kb7 52.Re6 Rh2 53.Kc5 Rxa2 54.Rxh6 Rg2 55.Kxb5 Rxg4 56.Rh7+ Kb8 57.Rg7
Rg1 58.Kb6 Kc8

[Event "9th EUROPEAN  INDIVIDUAL  WOME"]
[Site "Plovdiv, Bulgaria"]
[Date "2008.05.02"]
[Round "11"]
[Board "1"]
[White "Srebrnic, Ana"]
[Black "Dworakowska, Joanna"]
[Result "1/2-1/2"]
[WhiteElo "2283"]
[BlackElo "2335"]
[PlyCount "87"]
[EventDate "2008.04.21"]
[EventRounds "11"]
[EventCountry "BUL"]

1.d4 Nf6 2.c4 g6 3.Nc3 Bg7 4.e4 d6 5.Be2 O-O 6.Bg5 Na6 7.Qd2 c6 8.h4 Nc7 9.f3
Rb8 10.a4 Ne6 11.Be3 Qa5 12.Nh3 a6 13.Ng5 b5 14.Nxe6 fxe6 15.cxb5 axb5 16.O-O b4
17.Nd1 e5 18.dxe5 Qxe5 19.Nf2 Nh5 20.Nd3 Qa5 21.Rfc1 c5 22.Nxc5 dxc5 23.Rxc5 Qd8
24.Rd5 Qc7 25.Rc1 Qg3 26.Bf2 Qf4 27.Be3 Qxh4 28.Bc4 e6 29.Bg5 Qg3 30.Rd8 Qe5
31.Be7 Bb7 32.Bxf8 Rxd8 33.Qxd8 Bxf8 34.Bb5 Qxb2 35.Rc7 Qa1+ 36.Kf2 Bd5 37.exd5
Qd4+ 38.Ke1 Qg1+ 39.Kd2 Qxg2+ 40.Kc1 Qg1+ 41.Kc2 Qf2+ 42.Kc1 Qe3+ 43.Kc2 Qf2+
44.Kc1

[Event "9th EUROPEAN  INDIVIDUAL  WOME"]
[Site "Plovdiv, Bulgaria"]
[Date "2008.05.02"]
[Round "11"]
[Board "1"]
[White "Sandu, Mihaela"]
[Black "Tarasova, Viktoriya"]
[Result "1/2-1/2"]
[WhiteElo "2325"]
[BlackElo "2276"]
[PlyCount "65"]
[EventDate "2008.04.21"]
[EventRounds "11"]
[EventCountry "BUL"]

1.e4 e5 2.Nf3 Nc6 3.Nc3 Nf6 4.d4 exd4 5.Nxd4 Bb4 6.Nxc6 bxc6 7.Bd3 O-O 8.O-O d5
9.exd5 cxd5 10.Bg5 c6 11.Qf3 Bd6 12.h3 Bd7 13.Ne2 h6 14.Bf4 Bxf4 15.Nxf4 Rb8
16.b3 Re8 17.c4 d4 18.c5 Re5 19.Rfc1 Qa5 20.Rc4 Rb4 21.a3 Rxc4 22.Bxc4 Re1+
23.Rxe1 Qxe1+ 24.Bf1 Bf5 25.b4 Be4 26.Qe2 Qc1 27.Nh5 Bg6 28.Nxf6+ gxf6 29.Qc4
Qa1 30.Kh2 Qb2 31.Kg1 Qa1 32.Kh2 Qb2 33.Kg1